[Event "Titled Tue 24th Jun Late"]
[Site "chess.com INT"]
[Date "2025.06.24"]
[Round "1"]
[White "Williams, Justus"]
[Black "Nihal, Sarin"]
[Result "0-1"]
[WhiteTitle "IM"]
[BlackTitle "GM"]
[WhiteElo "2355"]
[BlackElo "2696"]
[WhiteFideId "2049929"]
[BlackFideId "25092340"]
[EventDate "2025.06.24"]

1. Nf3 d5 2. g3 Bg4 3. Bg2 c6 4. c4 e6 5. Qb3 Qb6 6. d3 Nd7 7. Be3 Bc5 8. Bxc5
Nxc5 9. Qc3 Nf6 10. b4 Na4 11. Qd2 Bxf3 12. Bxf3 Qd4 0-1

[Event "Titled Tue 24th Jun Late"]
[Site "chess.com INT"]
[Date "2025.06.24"]
[Round "1"]
[White "Petersson, Kjell"]
[Black "Craciun, Sasha-Matei"]
[Result "0-1"]
[WhiteTitle "CM"]
[BlackTitle "FM"]
[WhiteElo "2068"]
[BlackElo "2320"]
[WhiteFideId "1705148"]
[BlackFideId "1281186"]
[EventDate "2025.06.24"]

1. d4 d5 2. Bf4 Nf6 3. e3 e6 4. Nf3 c5 5. Nbd2 Bd6 6. Ne5 Qc7 7. Ndf3 O-O 8. c3
c4 9. h3 Ne4 10. Be2 f6 11. Ng4 Bxf4 12. exf4 Qxf4 13. O-O Nc6 14. Qc2 b5 15.
Rfe1 a5 16. a3 Bd7 17. Bf1 Be8 18. Nd2 Qxd2 0-1

[Event "Titled Tue 24th Jun Late"]
[Site "chess.com INT"]
[Date "2025.06.24"]
[Round "1"]
[White "Drygalov, Sergey"]
[Black "Slovineanu, Viacheslav"]
[Result "1-0"]
[WhiteTitle "GM"]
[BlackTitle "IM"]
[WhiteElo "2560"]
[BlackElo "2412"]
[WhiteFideId "24171743"]
[BlackFideId "13900510"]
[EventDate "2025.06.24"]

1. d4 Nf6 2. c4 e6 3. Nf3 d5 4. Nc3 c5 5. cxd5 Nxd5 6. e4 Nxc3 7. bxc3 cxd4 8.
cxd4 Bb4+ 9. Bd2 Bxd2+ 10. Qxd2 O-O 11. Bc4 Nd7 12. O-O b6 13. Rad1 Bb7 14. d5
exd5 15. Bxd5 Nc5 16. Qf4 Qe7 17. Nd4 Rad8 18. Nf5 Qd7 19. Qg5 g6 20. Bxf7+ Qxf7
21. Nh6+ Kg7 22. Nxf7 Rxd1 23. Rxd1 Rxf7 24. Qe5+ 1-0

[Event "Titled Tue 24th Jun Late"]
[Site "chess.com INT"]
[Date "2025.06.24"]
[Round "1"]
[White "Zhang, Derek"]
[Black "Dubnevych, Maksym"]
[Result "0-1"]
[WhiteTitle "CM"]
[BlackTitle "FM"]
[WhiteElo "2162"]
[BlackElo "2296"]
[WhiteFideId "2087871"]
[BlackFideId "14184001"]
[EventDate "2025.06.24"]

1. Nf3 d5 2. c4 e6 3. e3 Nf6 4. Nc3 Be7 5. b3 O-O 6. Bb2 b6 7. d4 Bb7 8. Bd3
Nbd7 9. O-O c5 10. cxd5 Nxd5 11. Rc1 cxd4 12. Nxd4 Rc8 13. Qe2 Nc5 14. Nxd5 Qxd5
15. e4 Nxe4 16. Bxe4 Qxe4 17. Qxe4 Bxe4 18. Rfe1 Bd5 19. Nf5 Bb4 20. Bxg7 Bxe1 0-1

[Event "Titled Tue 24th Jun Late"]
[Site "chess.com INT"]
[Date "2025.06.24"]
[Round "1"]
[White "Borges, Wagner da Silva"]
[Black "Yatskar, Martin"]
[Result "0-1"]
[WhiteTitle "CM"]
[BlackTitle "CM"]
[WhiteElo "2062"]
[BlackElo "2225"]
[WhiteFideId "2100401"]
[BlackFideId "34109676"]
[EventDate "2025.06.24"]

1. Nf3 d5 2. g3 c5 3. d4 Nc6 4. Bg2 e6 5. O-O cxd4 6. Nxd4 Bc5 7. Nxc6 bxc6 8.
c4 Nf6 9. Nc3 O-O 10. Qc2 Qe7 11. Rd1 a5 12. Na4 Ba7 13. b3 Ng4 14. c5 Qf6 15.
Bf4 e5 16. h3 Nxf2 17. Kxf2 exf4 18. g4 Re8 19. Rac1 h5 20. Bf3 hxg4 21. hxg4
Bxg4 22. Bxg4 Qh4+ 23. Kf3 Qg3# 0-1

[Event "Titled Tue 24th Jun Late"]
[Site "chess.com INT"]
[Date "2025.06.24"]
[Round "1"]
[White "Petersen, Marcel"]
[Black "Willim, Michael"]
[Result "1-0"]
[WhiteTitle "CM"]
[BlackTitle "CM"]
[WhiteElo "2236"]
[BlackElo "2024"]
[WhiteFideId "12935670"]
[BlackFideId "4632435"]
[EventDate "2025.06.24"]

1. e4 e6 2. d4 d5 3. Nd2 Nf6 4. e5 Nfd7 5. Bd3 c5 6. c3 Nc6 7. Ne2 cxd4 8. cxd4
f6 9. exf6 Qxf6 10. Nf3 h6 11. O-O Bd6 12. Ng3 O-O 13. a3 Rd8 14. Re1 Nf8 15.
Bc2 Bd7 16. Qd3 Be8 17. Qe3 Rac8 18. Bd3 a6 19. Ne5 Qh4 20. Nxc6 Rxc6 21. Bd2
Rdc8 22. Rac1 Rxc1 23. Rxc1 Rxc1+ 24. Bxc1 Ng6 25. Qxe6+ 1-0

[Event "Titled Tue 24th Jun Late"]
[Site "chess.com INT"]
[Date "2025.06.24"]
[Round "1"]
[White "Hariharan, Shambavi"]
[Black "Ratkovic, Miloje"]
[Result "0-1"]
[WhiteTitle "WCM"]
[BlackTitle "GM"]
[WhiteElo "1936"]
[BlackElo "2489"]
[WhiteFideId "488160"]
[BlackFideId "914517"]
[EventDate "2025.06.24"]

1. d4 Nf6 2. c4 d6 3. Nf3 Nbd7 4. g3 e5 5. Nc3 c6 6. Bg2 e4 7. Nd2 d5 8. cxd5
cxd5 9. Qb3 Nb6 10. a4 a5 11. Nf1 Bb4 12. Ne3 O-O 13. O-O Be6 14. Na2 Be7 15.
Bd2 h5 16. h4 Ng4 17. Nxg4 Bxg4 18. f3 Nc4 19. Qd1 exf3 20. exf3 Bf5 21. b3 Nb2
22. Rc1 Nxd1 0-1

[Event "Titled Tue 24th Jun Late"]
[Site "chess.com INT"]
[Date "2025.06.24"]
[Round "1"]
[White "Skramstad, Oda Kofoed"]
[Black "Damaraju, Ashwin"]
[Result "0-1"]
[WhiteTitle "WCM"]
[WhiteElo "1898"]
[BlackElo "2084"]
[WhiteFideId "1564862"]
[BlackFideId "39908348"]
[EventDate "2025.06.24"]

1. d4 Nf6 2. c4 g6 3. Nc3 Bg7 4. e4 d6 5. Nf3 O-O 6. Be2 e5 7. O-O Nc6 8. d5 Ne7
9. Ne1 Nd7 10. Be3 f5 11. f3 f4 12. Bf2 g5 13. Rc1 Rf7 14. Nd3 Ng6 15. c5 Nf6
16. cxd6 cxd6 17. a4 h5 18. Nb5 g4 19. Kh1 g3 20. Bg1 Ne8 21. Nxa7 Bd7 22. Qb3
Qg5 23. Qxb7 Bh3 24. Qxa8 Bxg2+ 25. Kxg2 Nh4+ 26. Kh3 gxh2 27. Qxe8+ Kh7 28. Rf2
Qg3# 0-1

[Event "Titled Tue 24th Jun Late"]
[Site "chess.com INT"]
[Date "2025.06.24"]
[Round "1"]
[White "Fiorito, Fabian"]
[Black "Van Baar, Esper"]
[Result "1-0"]
[WhiteTitle "IM"]
[BlackTitle "FM"]
[WhiteElo "2274"]
[BlackElo "2232"]
[WhiteFideId "100200"]
[BlackFideId "1049321"]
[EventDate "2025.06.24"]

1. g3 g6 2. Bg2 Bg7 3. e4 c5 4. d3 Nc6 5. f4 d6 6. Nf3 e6 7. O-O Nge7 8. c3 O-O
9. Be3 b6 10. d4 cxd4 11. cxd4 d5 12. e5 Nf5 13. Bf2 h5 14. Nc3 Ba6 15. Re1 Nb4
16. Qa4 Qe7 17. a3 Nd3 18. Qxa6 Nxe1 19. Rxe1 Rfc8 20. Qd3 a6 21. h3 Qd7 22. g4
hxg4 23. hxg4 Ne7 24. Bh4 b5 25. Bf6 Rab8 26. Ng5 a5 27. Qh3 Nc6 28. Qh7+ 1-0

[Event "Titled Tue 24th Jun Late"]
[Site "chess.com INT"]
[Date "2025.06.24"]
[Round "1"]
[White "Duarte Cramer, Lily Jeanette"]
[Black "Mujumdar, Sameer"]
[Result "0-1"]
[WhiteTitle "WCM"]
[WhiteElo "1828"]
[BlackElo "2043"]
[WhiteFideId "29620180"]
[BlackFideId "2029707"]
[EventDate "2025.06.24"]

1. d4 Nf6 2. c4 g6 3. Nc3 Bg7 4. e4 d6 5. Nf3 O-O 6. Be2 Na6 7. Be3 e5 8. d5 Ng4
9. Bg5 f6 10. Bc1 f5 11. h3 Nf6 12. Nd2 Nc5 13. f3 fxe4 14. Ndxe4 Nfxe4 15. Nxe4
Nxe4 16. fxe4 Qh4+ 17. Kd2 Qxe4 18. Bd3 Qxg2+ 19. Be2 Rf2 20. Rf1 Bh6+ 21. Kd3
Bf5+ 22. Kc3 Qg3+ 23. Kb4 a5+ 24. Ka4 Bd7# 0-1

[Event "Titled Tue 24th Jun Late"]
[Site "chess.com INT"]
[Date "2025.06.24"]
[Round "1"]
[White "Reprintsev, Alexander"]
[Black "Nguyen, Ngoc Truong Son"]
[Result "0-1"]
[WhiteTitle "IM"]
[BlackTitle "GM"]
[WhiteElo "2256"]
[BlackElo "2600"]
[WhiteFideId "14100541"]
[BlackFideId "12401110"]
[EventDate "2025.06.24"]

1. e4 e5 2. Nc3 Nc6 3. g3 Nf6 4. Bg2 Bc5 5. Nge2 d6 6. Na4 Bb6 7. Nxb6 axb6 8.
O-O h5 9. h4 g5 10. hxg5 Nh7 11. d4 Nxg5 12. dxe5 h4 13. f4 Nh3+ 14. Bxh3 Bxh3
15. Rf3 Bg4 16. Rd3 hxg3 17. Qd2 Rh1+ 18. Kxh1 Qh4+ 19. Kg1 Qh2+ 20. Kf1 Qf2# 0-1

[Event "Titled Tue 24th Jun Late"]
[Site "chess.com INT"]
[Date "2025.06.24"]
[Round "1"]
[White "Zlatin, Alexander"]
[Black "Li, Xueyi"]
[Result "1-0"]
[WhiteTitle "FM"]
[BlackTitle "WGM"]
[WhiteElo "2313"]
[BlackElo "2220"]
[WhiteFideId "2810549"]
[BlackFideId "8605912"]
[EventDate "2025.06.24"]

1. e4 c6 2. c4 d5 3. cxd5 cxd5 4. exd5 Qxd5 5. Nc3 Qd8 6. d4 Bf5 7. Nf3 e6 8.
Bb5+ Nc6 9. Qa4 Qb6 10. d5 exd5 11. Nxd5 Qd8 12. Bxc6+ bxc6 13. Qxc6+ Bd7 14.
Nc7+ Ke7 15. Qc5+ Kf6 16. Qg5# 1-0

[Event "Titled Tue 24th Jun Late"]
[Site "chess.com INT"]
[Date "2025.06.24"]
[Round "1"]
[White "Ismagilov, Damir"]
[Black "Unver, Cumayi"]
[Result "1-0"]
[WhiteTitle "CM"]
[WhiteElo "2173"]
[BlackElo "2012"]
[WhiteFideId "34199982"]
[BlackFideId "6304940"]
[EventDate "2025.06.24"]

1. c4 c6 2. Nc3 d5 3. d4 Nf6 4. cxd5 cxd5 5. Bf4 Nc6 6. e3 a6 7. Bd3 e6 8. Nf3
Bd6 9. Bxd6 Qxd6 10. O-O Bd7 11. Qe2 O-O 12. Rac1 Rfc8 13. a3 Na5 14. Ne5 Be8
15. f4 b5 16. g4 Nd7 17. g5 Nf8 18. Rf3 Rc7 19. Rh3 Rac8 20. Bxh7+ Nxh7 21. Qh5
Nc4 22. Qxh7+ Kf8 23. Qh8+ Ke7 24. Qxg7 Nxb2 25. Qf6+ 1-0

[Event "Titled Tue 24th Jun Late"]
[Site "chess.com INT"]
[Date "2025.06.24"]
[Round "1"]
[White "Spyropoulos, Nikolaos"]
[Black "Caruana, Fabiano"]
[Result "0-1"]
[WhiteTitle "IM"]
[BlackTitle "GM"]
[WhiteElo "2400"]
[BlackElo "2777"]
[WhiteFideId "4298977"]
[BlackFideId "2020009"]
[EventDate "2025.06.24"]

1. e4 e6 2. d4 d5 3. Nc3 Bb4 4. Ne2 Nc6 5. a3 Ba5 6. exd5 exd5 7. Be3 Nge7 8.
Ng3 Bxc3+ 9. bxc3 Be6 10. Bd3 Qd7 11. O-O O-O-O 12. a4 h5 13. Ne2 h4 14. a5 h3
15. g3 Bf5 16. Qb1 Bxd3 17. cxd3 Qf5 18. f3 Rhe8 19. Nf4 Ng6 20. Nxg6 Rxe3 21.
Nf4 g5 0-1

[Event "Titled Tue 24th Jun Late"]
[Site "chess.com INT"]
[Date "2025.06.24"]
[Round "1"]
[White "Lortkipanidze, Nodar"]
[Black "Tang, Zoey"]
[Result "1-0"]
[WhiteTitle "IM"]
[BlackTitle "FM"]
[WhiteElo "2359"]
[BlackElo "2356"]
[WhiteFideId "13604058"]
[BlackFideId "30952530"]
[EventDate "2025.06.24"]

1. e4 c5 2. c3 Nf6 3. e5 Nd5 4. d4 cxd4 5. Qxd4 e6 6. Nf3 Nc6 7. Qe4 f5 8. exf6
Nxf6 9. Qh4 Be7 10. Bd3 d5 11. Bg6+ Kf8 12. O-O Kg8 13. Bc2 e5 14. Bb3 h6 15.
Re1 Ne4 16. Qxe4 Be6 17. Qe2 e4 18. Nd4 Nxd4 19. cxd4 Kh7 20. Nc3 Rf8 21. Nxe4
dxe4 22. Bxe6 Qxd4 23. Qxe4+ 1-0

[Event "Titled Tue 24th Jun Late"]
[Site "chess.com INT"]
[Date "2025.06.24"]
[Round "1"]
[White "Lugo, Blas"]
[Black "Mohan, Dave"]
[Result "0-1"]
[WhiteTitle "IM"]
[WhiteElo "2399"]
[BlackElo "2018"]
[WhiteFideId "2011263"]
[BlackFideId "30909775"]
[EventDate "2025.06.24"]

1. e4 c6 2. Nc3 d5 3. Nf3 dxe4 4. Nxe4 Nf6 5. Nxf6+ exf6 6. d4 Bd6 7. Bd3 O-O 8.
Be3 Re8 9. c3 Nd7 10. Qc2 Nf8 11. O-O-O Be6 12. Kb1 a5 13. c4 a4 14. d5 cxd5 15.
cxd5 Bg4 16. Bf5 Bxf5 17. Qxf5 a3 18. b3 Qa5 19. Rc1 Rad8 20. Rc4 b5 21. Rc6 Qb4
22. Rd1 Be5 23. Bc5 Qc3 24. Nxe5 Qb2# 0-1

[Event "Titled Tue 24th Jun Late"]
[Site "chess.com INT"]
[Date "2025.06.24"]
[Round "1"]
[White "Volodin, Alexandr E."]
[Black "Vazelakis, Dimitrios"]
[Result "1-0"]
[WhiteTitle "FM"]
[WhiteElo "2344"]
[BlackElo "1857"]
[WhiteFideId "34268871"]
[BlackFideId "4203674"]
[EventDate "2025.06.24"]

1. e4 Nf6 2. e5 Nd5 3. c4 Nb6 4. c5 Nd5 5. Nc3 e6 6. Nxd5 exd5 7. d4 b6 8. cxb6
axb6 9. Nf3 Be7 10. Bd3 O-O 11. O-O d6 12. Qc2 h6 13. Bf4 Ba6 14. exd6 Bxd6 15.
Bxd6 Qxd6 16. Bxa6 Nxa6 17. a3 c5 18. Rac1 Rac8 19. Qf5 Qe6 20. Qd3 Qe4 21. Qxa6
Rb8 22. Rfe1 Qg6 23. dxc5 bxc5 24. Qxg6 fxg6 25. Rxc5 Rxb2 26. Rxd5 Rb3 27. Ra5
Rc8 28. h3 Rc2 29. Ra8+ Kh7 30. Ree8 g5 31. Ne5 1-0

[Event "Titled Tue 24th Jun Late"]
[Site "chess.com INT"]
[Date "2025.06.24"]
[Round "1"]
[White "Ferey, Antonin"]
[Black "Paravyan, David"]
[Result "1/2-1/2"]
[WhiteTitle "CM"]
[BlackTitle "GM"]
[WhiteElo "2238"]
[BlackElo "2589"]
[WhiteFideId "36051454"]
[BlackFideId "4194985"]
[EventDate "2025.06.24"]

1. d4 d5 2. Nf3 Nf6 3. c4 e6 4. Nc3 c5 5. cxd5 Nxd5 6. e4 Nxc3 7. bxc3 cxd4 8.
cxd4 Bb4+ 9. Bd2 Bxd2+ 10. Qxd2 O-O 11. Bc4 Nd7 12. O-O b6 13. Rfe1 Bb7 14. Rad1
Nf6 15. d5 exd5 16. exd5 Qd6 17. Nd4 g6 18. Bb3 Rad8 19. Nb5 Qc5 20. Qg5 Nxd5
21. Nxa7 b5 22. h4 Qxa7 23. Bxd5 Bxd5 24. Rxd5 Rxd5 25. Qxd5 Qa8 26. Qxa8 Rxa8
27. Rb1 Rxa2 28. Rxb5 h5 29. g3 Kg7 30. Rb4 Ra1+ 31. Kg2 Ra2 32. Rc4 Rb2 33. Rd4
Ra2 34. Rc4 Rb2 35. Rd4 Ra2 36. Rc4 1/2-1/2

[Event "Titled Tue 24th Jun Late"]
[Site "chess.com INT"]
[Date "2025.06.24"]
[Round "1"]
[White "Eswaran, Ashritha"]
[Black "Carlsen, Magnus"]
[Result "0-1"]
[WhiteTitle "FM"]
[BlackTitle "GM"]
[WhiteElo "2236"]
[BlackElo "2837"]
[WhiteFideId "2080788"]
[BlackFideId "1503014"]
[EventDate "2025.06.24"]

1. e4 g6 2. d4 d6 3. Nc3 Bg7 4. f4 a6 5. Nf3 b5 6. Bd3 Nd7 7. e5 c5 8. Be4 Rb8
9. O-O Nh6 10. exd6 O-O 11. Be3 Ng4 12. Qd2 exd6 13. Rae1 Re8 14. Bf2 Nxf2 15.
Qxf2 Nf6 16. Bc6 Rxe1 17. Rxe1 Bf5 18. dxc5 dxc5 19. Ne5 Ng4 20. Qxc5 Bxe5 21.
fxe5 Qh4 22. Re2 Qxh2+ 23. Kf1 Qf4+ 24. Kg1 Qc1+ 0-1

[Event "Titled Tue 24th Jun Late"]
[Site "chess.com INT"]
[Date "2025.06.24"]
[Round "1"]
[White "Moroni, Luca Jr"]
[Black "Hernandez Leon, Sergio"]
[Result "1-0"]
[WhiteTitle "GM"]
[BlackTitle "CM"]
[WhiteElo "2549"]
[BlackElo "2102"]
[WhiteFideId "865834"]
[BlackFideId "2285622"]
[EventDate "2025.06.24"]

1. d4 Nf6 2. Bf4 e6 3. e3 c5 4. Nf3 Nc6 5. Nbd2 d5 6. c3 Bd6 7. dxc5 Bxc5 8. Bd3
Qe7 9. e4 h6 10. h3 e5 11. Bh2 O-O 12. O-O dxe4 13. Nxe4 Bb6 14. Qe2 Nxe4 15.
Bxe4 f6 16. Nh4 f5 17. Bxc6 Qxh4 18. Bd5+ Kh7 19. Qxe5 Rf6 20. Qf4 Qh5 21. Rae1
Rg6 22. Kh1 Bc5 23. Bf3 Qg5 24. Re8 Qf6 25. Bd5 Be6 26. Rxe6 1-0

[Event "Titled Tue 24th Jun Late"]
[Site "chess.com INT"]
[Date "2025.06.24"]
[Round "1"]
[White "Senft, Sean"]
[Black "Esipenko, Andrey"]
[Result "0-1"]
[BlackTitle "GM"]
[WhiteElo "2039"]
[BlackElo "2689"]
[WhiteFideId "2044960"]
[BlackFideId "24175439"]
[EventDate "2025.06.24"]

1. d4 Nf6 2. c4 e6 3. Nc3 d5 4. cxd5 Nxd5 5. Nf3 c5 6. e4 Nxc3 7. bxc3 cxd4 8.
cxd4 Bb4+ 9. Bd2 Bxd2+ 10. Qxd2 O-O 11. Be2 b6 12. O-O Bb7 13. Qe3 Nd7 14. Rfd1
Nf6 15. Nd2 Qe7 16. Rac1 Rfd8 17. f3 h6 18. Nc4 Rac8 19. Ne5 Rxc1 20. Rxc1 Qd6
21. Rd1 Rc8 22. Qd2 Rc7 23. Nd3 Qxd4+ 24. Kh1 Ba6 25. h3 Nh5 26. Qe1 Qe3 27. Bf1
Qxe1 28. Rxe1 Ng3+ 29. Kg1 Nxf1 30. Nb4 Bc4 0-1

[Event "Titled Tue 24th Jun Late"]
[Site "chess.com INT"]
[Date "2025.06.24"]
[Round "1"]
[White "Lazavik, Denis"]
[Black "Deichmann, Esteban Horacio"]
[Result "1-0"]
[WhiteTitle "GM"]
[WhiteElo "2580"]
[BlackElo "2103"]
[WhiteFideId "13515110"]
[BlackFideId "167410"]
[EventDate "2025.06.24"]

1. e4 e6 2. d4 d5 3. exd5 exd5 4. Nf3 Nf6 5. Bd3 Be7 6. O-O O-O 7. h3 Be6 8. Re1
c5 9. dxc5 Bxc5 10. Nc3 a6 11. Bg5 h6 12. Bh4 Nbd7 13. Qd2 b5 14. Ne2 Qb6 15. b4
Bd6 16. Ned4 Rae8 17. c3 Rc8 18. a4 Rfe8 19. axb5 axb5 20. Nxb5 Ra8 21. Rxa8
Rxa8 22. Nxd6 Qxd6 23. Nd4 Re8 24. Bg3 Qe7 25. Bf4 g5 26. Bh2 Kg7 27. Nf5+ Bxf5
28. Rxe7 1-0

[Event "Titled Tue 24th Jun Late"]
[Site "chess.com INT"]
[Date "2025.06.24"]
[Round "1"]
[White "Vakhidov, Jakhongir"]
[Black "Klepek, Witold"]
[Result "1-0"]
[WhiteTitle "GM"]
[BlackTitle "CM"]
[WhiteElo "2539"]
[BlackElo "2253"]
[WhiteFideId "14201801"]
[BlackFideId "1175068"]
[EventDate "2025.06.24"]

1. c4 e5 2. Nc3 Nc6 3. Nf3 Nf6 4. e4 Bb4 5. d3 d6 6. a3 Bxc3+ 7. bxc3 h6 8. g3
O-O 9. Bg2 Nd7 10. O-O Nc5 11. Nh4 Re8 12. Be3 b6 13. Qe2 a5 14. a4 Ba6 15. Nf5
Ne6 16. f4 f6 17. d4 Ne7 18. Nh4 c5 19. d5 Nf8 20. fxe5 dxe5 21. Bxh6 gxh6 22.
Rxf6 Neg6 23. Raf1 Nxh4 24. Qg4+ Kh8 25. Rxh6+ Nh7 26. Rxh7+ Kxh7 27. Rf7+ Kh6
28. Qg7+ Kh5 29. g4# 1-0

[Event "Titled Tue 24th Jun Late"]
[Site "chess.com INT"]
[Date "2025.06.24"]
[Round "1"]
[White "Lysyj, Igor"]
[Black "Yang, Larry"]
[Result "1-0"]
[WhiteTitle "GM"]
[WhiteElo "2582"]
[BlackElo "2017"]
[WhiteFideId "4150120"]
[BlackFideId "2637618"]
[EventDate "2025.06.24"]

1. d4 Nf6 2. c4 g6 3. Nc3 d5 4. cxd5 Nxd5 5. e4 Nxc3 6. bxc3 Bg7 7. Nf3 c5 8.
Be2 O-O 9. O-O Nc6 10. Be3 b6 11. d5 Ne5 12. Nxe5 Bxe5 13. Qd2 Bb7 14. Rad1 e6
15. f4 Bg7 16. c4 exd5 17. cxd5 Re8 18. e5 Qd7 19. Qb2 Rad8 20. Bb5 Qf5 21. Bxe8
Rxe8 22. Qb5 Rd8 23. Bxc5 Qe4 24. Bd6 Bf8 25. Bxf8 Kxf8 26. Rfe1 Qxf4 27. e6 Re8
28. Qd7 Bc8 29. e7+ 1-0

[Event "Titled Tue 24th Jun Late"]
[Site "chess.com INT"]
[Date "2025.06.24"]
[Round "1"]
[White "Sitnic, Adnan"]
[Black "Skatchkov, Pavel"]
[Result "0-1"]
[WhiteTitle "CM"]
[BlackTitle "GM"]
[WhiteElo "2058"]
[BlackElo "2457"]
[WhiteFideId "14403854"]
[BlackFideId "4121848"]
[EventDate "2025.06.24"]

1. e4 c5 2. f4 d5 3. exd5 Nf6 4. Bb5+ Nbd7 5. c4 a6 6. Ba4 b5 7. cxb5 Nxd5 8.
Nc3 Bb7 9. bxa6 Rxa6 10. Nge2 Nb4 11. O-O Rg6 12. Ng3 e6 13. a3 Nd3 14. Bc2 c4
15. Bxd3 Bc5+ 16. Kh1 cxd3 17. b4 Qh4 18. Qe1 Rh6 19. Nh5 Qxh5 20. Qg3 Rg6 0-1

[Event "Titled Tue 24th Jun Late"]
[Site "chess.com INT"]
[Date "2025.06.24"]
[Round "1"]
[White "Fikiet, Alex"]
[Black "Plat, Vojtech"]
[Result "0-1"]
[BlackTitle "GM"]
[WhiteElo "2151"]
[BlackElo "2497"]
[WhiteFideId "2052717"]
[BlackFideId "325740"]
[EventDate "2025.06.24"]

1. e4 d6 2. d4 Nf6 3. Nc3 e5 4. Nf3 exd4 5. Nxd4 g6 6. Bf4 Bg7 7. Qd2 O-O 8.
O-O-O Nc6 9. Nxc6 bxc6 10. Bh6 Bxh6 11. Qxh6 Ng4 12. Qd2 Qf6 13. f3 Ne5 14. h4
h5 15. Be2 Rb8 16. g4 Nxf3 17. Bxf3 Qxf3 18. gxh5 Qxh5 19. Rdg1 f6 20. Ne2 Kf7
21. Nf4 Qe5 22. c3 Rg8 23. Rh2 Be6 24. Rhg2 Bxa2 25. Nxg6 Qxe4 26. Qc2 Qxc2+ 27.
Kxc2 Bd5 28. Rg3 Rxg6 29. Rxg6 Be4+ 0-1

[Event "Titled Tue 24th Jun Late"]
[Site "chess.com INT"]
[Date "2025.06.24"]
[Round "1"]
[White "Risteski, Emil"]
[Black "Pereyra, Horacio"]
[Result "1-0"]
[WhiteTitle "IM"]
[WhiteElo "2374"]
[BlackElo "2133"]
[WhiteFideId "15005267"]
[BlackFideId "113700"]
[EventDate "2025.06.24"]

1. e4 c5 2. Nc3 d6 3. f4 Nc6 4. Nf3 g6 5. Bb5 Bg7 6. Bxc6+ bxc6 7. d3 Nf6 8. O-O
O-O 9. Qe1 d5 10. e5 Ne8 11. b3 Nc7 12. Na4 Ne6 13. c4 f6 14. Be3 fxe5 15. Nxe5
d4 16. Bd2 Qd6 17. Qe4 Bd7 18. Rae1 Rf6 19. g3 Raf8 20. Bc1 Be8 21. Ng4 Bf7 22.
Nxf6+ exf6 23. f5 Ng5 24. Bxg5 fxg5 25. Qe7 Qxe7 26. Rxe7 gxf5 27. Rxf5 Bg6 28.
Rxf8+ Kxf8 29. Rxa7 Bxd3 30. Nxc5 Bb1 31. Ne6+ Ke8 32. Nxg7+ Kd8 33. Ne6+ 1-0

[Event "Titled Tue 24th Jun Late"]
[Site "chess.com INT"]
[Date "2025.06.24"]
[Round "1"]
[White "Donoso Aguirre, Maximiliano"]
[Black "Klukin, Kirill"]
[Result "0-1"]
[WhiteTitle "CM"]
[BlackTitle "IM"]
[WhiteElo "2050"]
[BlackElo "2401"]
[WhiteFideId "3458920"]
[BlackFideId "24199273"]
[EventDate "2025.06.24"]

1. e4 c5 2. c3 g6 3. d4 cxd4 4. cxd4 d5 5. e5 Bg7 6. Nc3 a6 7. h3 Nc6 8. Nf3 f6
9. Bf4 fxe5 10. Nxe5 Nxe5 11. Bxe5 Bxe5 12. dxe5 e6 13. Bd3 Nh6 14. O-O O-O 15.
Qd2 Nf7 16. Rfe1 Bd7 17. Rad1 Bc6 18. Bf1 Rc8 19. Qd4 Qe7 20. Ne2 Nh6 21. Ng3
Nf5 22. Nxf5 Rxf5 23. Rd2 Rcf8 24. Bd3 Rf4 25. Qe3 Qb4 26. Red1 Kg7 27. Bb1 Qe7
28. Qg3 Qc5 29. h4 Qb4 30. a3 Qa4 31. Bc2 Qc4 32. b3 Qc5 33. h5 Be8 34. hxg6
Bxg6 35. Bxg6 hxg6 36. b4 Qc7 37. Qg5 R4f5 38. Qh4 Rh8 39. Qd4 Qxe5 40. Qc5 Qh2+
41. Kf1 Qh1+ 42. Ke2 Qxg2 43. Qe7+ Rf7 44. Qxe6 Qf3+ 0-1

[Event "Titled Tue 24th Jun Late"]
[Site "chess.com INT"]
[Date "2025.06.24"]
[Round "1"]
[White "Thorfinnsson, Bragi"]
[Black "Viana, Dirceu"]
[Result "1-0"]
[WhiteTitle "GM"]
[BlackTitle "FM"]
[WhiteElo "2354"]
[BlackElo "2188"]
[WhiteFideId "2300958"]
[BlackFideId "2101360"]
[EventDate "2025.06.24"]

1. e4 e6 2. d4 d5 3. Nc3 Bb4 4. e5 Qd7 5. h4 b6 6. Rh3 Ba6 7. h5 Bxf1 8. Kxf1 h6
9. Nge2 Nc6 10. Rg3 Bf8 11. Rf3 Nge7 12. g4 Ng8 13. a3 f6 14. Qd3 O-O-O 15. Qa6+
Kb8 16. Nb5 Qc8 17. Qa4 Qb7 18. Bf4 fxe5 19. dxe5 a6 20. Nbd4 Nxd4 21. Nxd4 Re8 1-0